000 00705nam a2200241 4500
003 OSt
005 20240624024328.0
006 a
008 240624b |||||||| |||| 00| 0 eng d
020 _a9780737749298
040 _aDWCL-Main lib.
_cOC
082 _aCirc. 646.7 C968 2010
110 _aLaurie Willis
245 _aThe culture of beauty /
260 _aFarmington Hill,MI:
_bGreenhaven Press,
_cc2011.
300 _b214 p.:ill.,maos;
_c24 cm.
504 _aIncludes bibliographical references & index.
650 _a1. Beauty, Personal.
650 _a2. Beauty culture.
650 _a3. Body image in women.
650 _a4. Human body-Social aspects.
942 _2ddc
_n0
_cBK-CIRC
_kCirc.
999 _c1191
_d1191